Nalaganje...

Dimensions of basic Hindi vocabulary /

Bibliografske podrobnosti
Glavni avtor: Vijaya Kumar
Format: Printed Book
Jezik:English
Izdano: ND: Reprint pub, 1990.
LEADER 00395nam a2200109Ia 4500
008 121027s9999 xx 000 0 eng d
082 |a 468  |b VIJ/D 
100 |a Vijaya Kumar 
245 |a Dimensions of basic Hindi vocabulary / 
260 |a ND:  |b Reprint pub,  |c 1990. 
999 |c 67825  |d 67825 
952 |0 0  |1 0  |4 0  |6 468_000000000000000_VIJ_D  |7 0  |9 67802  |a UL  |b UL  |c ST2  |d 2012-10-27  |l 0  |o 468 VIJ/D  |p G6641  |r 2012-10-27  |w 2012-10-27  |y BK